MLB teams quiz - Statistics

General Stats
  • This quiz has been taken 17 times
    14 since last reset
  • The average score is 24 of 30
Answer Stats
Answer % Correct
Boston Red Sox
100%
Cincinnati Reds
100%
Los Angeles Dodgers
100%
New York Yankees
100%
San Diego Padres
100%
Arizona Diamondbacks
90%
Baltimore Orioles
90%
Chicago Cubs
90%
Chicago White Sox
90%
Colorado Rockies
90%
Pittsburgh Pirates
90%
San Francisco Giants
90%
A's
80%
Atlanta Braves
80%
Seattle Mariners
80%
St. Louis Cardinals
80%
Tampa Bay Rays
80%
Toronto Blue Jays
80%
Cleveland Guardians
70%
Houston Astros
70%
Kansas City Royals
70%
Los Angeles Angels
70%
Miami Marlins
70%
Milwaukee Brewers
70%
Minnesota Twins
70%
New York Mets
70%
Texas Rangers
70%
Washington Nationals
70%
Detroit Tigers
60%
Philadephia Phillies
40%
No matching quizzes found
Score Distribution
Percent of People with Each Score
Percentile by Number Answered
Your Score History
You have not taken this quiz since the last reset